Les Africains au Ballon d'Or depuis 2000 - Statistiques

Statistiques générales
  • Ce quiz a été pris 641 fois
    148 depuis la dernière actualisation
  • Le résultat moyen est 44 sur 53
Statistiques - réponses
Année Joueur Pays % Correct
2018 Mohamed Salah Égypte
98%
Mohamed Salah Égypte
98%
2021 Mohamed Salah Égypte
98%
Mohamed Salah Égypte
98%
Mohamed Salah Egypte
98%
2025 Mohamed Salah Egypte
98%
Achraf Hakimi Maroc
97%
Sadio Mané Sénégal
97%
Sadio Mané Sénégal
97%
2019 Sadio Mané Sénégal
97%
2022 Sadio Mané Sénégal
97%
Didier Drogba Côte d'Ivoire
96%
Didier Drogba Côte d'Ivoire
96%
Didier Drogba Côte d'Ivoire
96%
2007 Didier Drogba Côte d'Ivoire
96%
Didier Drogba Côte d'Ivoire
96%
Didier Drogba Côte d'Ivoire
96%
2010 Didier Drogba Côte d'Ivoire
96%
2012 Didier Drogba Côte d'Ivoire
96%
2004 Samuel Eto'o Cameroun
94%
2005 Samuel Eto'o Cameroun
94%
2006 Samuel Eto'o Cameroun
94%
Samuel Eto'o Cameroun
94%
Samuel Eto'o Cameroun
94%
2009 Samuel Eto'o Cameroun
94%
Samuel Eto'o Cameroun
94%
2011 Samuel Eto'o Cameroun
94%
Pierre-Emerick Aubameyang Gabon
93%
2017 Pierre-Emerick Aubameyang Gabon
93%
Pierre-Emerick Aubameyang Gabon
93%
2016 Riyad Mahrez Algérie
93%
Riyad Mahrez Algérie
93%
Riyad Mahrez Algérie
93%
Riyad Mahrez Algérie
93%
Yaya Touré Côte d'Ivoire
89%
Yaya Touré Côte d'Ivoire
89%
2013 Yaya Touré Côte d'Ivoire
89%
2014 Yaya Touré Côte d'Ivoire
89%
2015 Yaya Touré Côte d'Ivoire
89%
2023 Victor Osimhen Nigeria
84%
2024 Ademola Lookman Nigeria
72%
2008 Emmanuel Adebayor Togo
70%
Serhou Guirassy Guinée
70%
Yassine Bounou Maroc
63%
Michael Essien Ghana
62%
Michael Essien Ghana
62%
Kalidou Koulibaly Sénégal
57%
El-Hadji Diouf Sénégal
54%
Asamoah Gyan Ghana
45%
André Onana Cameroun
42%
Sébastien Haller Côte d'Ivoire
37%
2002 Papa Bouba Diop Sénégal
21%
Frédéric Kanouté Mali
20%
Aucun quiz correspondant
Distribution des résultats
% des personnes avec chaque résultat
Percentile par nombre de réponses
Votre historique - résultats
Vous n’avez pas pris ce quiz depuis la dernière actualisation